Normal view
MARC view
Entry Nombre de reunión
001 - NÚMERO DE CONTROL
- campo de control: 36755
003 - IDENTIFICADOR DE NÚMERO DE CONTROL
- campo de control: OSt
005 - FECHA Y HORA DE LA ÚLTIMA TRANSACCIÓN
- campo de control: 20221005161720.0
008 - ELEMENTOS DE DATO DE LONGITUD-FIJA
- campo de control de longitud fija: 221005|| aca||aabn | a|a d
040 ## - FUENTE DE CATALOGACIÓN
- Centro catalogador/agencia de origen: OSt
- Centro/agencia transcriptor: OSt
111 ## - ENCABEZAMIENTO--NOMBRE DE CONGRESO/REUNIÓN
- Nombre de congreso/reunión o jurisdicción como elemento de entrada: CONFERENCIA INTERNACIONAL EL RECURSO A LAS SANCIONES ECONOMICAS Y LA GUERRA: EL INTERVENCIONISMO CONTRA EL DERECHO INTERNACIONAL
- Fecha del congreso o de la firma del tratado: (1999 :
- Sede del congreso/Lugar de la reunión: Madrid)
670 ## - FUENTE DE DATOS ENCONTRADOS
- Cita de la fuente: Work cat.: (OSt)55465: HALLIDAY, Denis J. 36753, Dominación económica y militar en el Nuevo Orden Mundial :, 2000